[Event "36th Olympiad w"]
[Site "Calvia ESP"]
[Date "2004.10.24"]
[Round "9"]
[White "Repkova,E"]
[Black "Sergeeva,M"]
[Result "1/2-1/2"]
[WhiteElo "2410"]
[BlackElo "2308"]
[EventDate "2004.10.15"]

1. e4 c5 2. Nf3 d6 3. Bc4 Nf6 4. e5 dxe5 5. Nxe5 e6 6. Qe2 Bd6 7. b3 O-O 8.
Bb2 Nbd7 9. f4 Nb6 10. O-O Nxc4 11. bxc4 Qc7 12. d3 Nd7 13. Nd2 f6 14. Nxd7
Bxd7 15. Qe3 a6 16. a4 b6 17. Ne4 Be7 18. Nc3 Rfe8 19. Rf3 Kh8 20. Rg3 Bd6
21. Rf1 Bc6 22. Ne4 Bxe4 23. Qxe4 e5 24. Rh3 h6 25. Qg6 Rf8 26. f5 Qf7 27.
Qg4 Rfe8 28. Bc1 Bf8 29. Re1 Rad8 30. Bb2 Rb8 31. Bc3 Rb7 32. Qf3 Reb8 33.
Rh4 Qd7 34. Ra1 Re8 35. Qe4 Reb8 36. Qf3 Re8 37. Re4 Qc6 38. Qh5 Reb8 39.
Qg6 b5 40. Bxe5 Rc8 41. axb5 axb5 42. cxb5 Rxb5 43. Bc3 c4 44. Re6 Qc5+ 45.
d4 Qxf5 46. Qxf5 Rxf5 47. Rae1 Kh7 48. Re8 Rxe8 49. Rxe8 Ba3 50. g3 Rf3 51.
Ba5 Bb2 52. Bb6 Kg6 53. Kg2 Ra3 54. Re2 Ra6 55. Bc5 Ba3 56. Bxa3 Rxa3 57.
d5 Ra5 58. Rd2 Kf7 59. Kf3 Ke7 60. Ke4 Kd6 61. c3 h5 62. h3 g6 63. Rd4 Rc5
64. h4 Rc8 65. Rd2 Kc5 66. d6 Re8+ 67. Kf4 Rd8 68. d7 Kc6 69. Rd4 Rxd7 70.
Rxc4+ Kb5 71. Rc8 Rg7 72. Ke4 g5 73. Rh8 gxh4 74. Rxh5+ Rg5 75. g4 f5+ 76.
Ke3 Rxg4 77. Rxf5+ Kc4 1/2-1/2

[Event "36th Olympiad w"]
[Site "Calvia ESP"]
[Date "2004.10.24"]
[Round "9"]
[White "Khasanova,F"]
[Black "Pokorna,Reg"]
[Result "1/2-1/2"]
[WhiteElo "2314"]
[BlackElo "2370"]
[EventDate "2004.10.15"]

1. e4 e5 2. Nf3 Nc6 3. Nc3 Nf6 4. d4 exd4 5. Nxd4 Bb4 6. Nxc6 bxc6 7. Bd3
d5 8. exd5 cxd5 9. O-O O-O 10. Bg5 c6 11. Qf3 Bd6 12. Rae1 Rb8 13. Nd1 Bc7
14. Bxf6 Qxf6 15. Qxf6 gxf6 16. b3 Be6 17. Ne3 Rfe8 1/2-1/2

[Event "36th Olympiad w"]
[Site "Calvia ESP"]
[Date "2004.10.24"]
[Round "9"]
[White "Petrenko,S"]
[Black "Muzychuk,A"]
[Result "1-0"]
[WhiteElo "2323"]
[BlackElo "2383"]
[EventDate "2004.10.15"]

1. e4 c5 2. Nf3 e6 3. d4 cxd4 4. Nxd4 a6 5. c4 Nf6 6. Nc3 Bb4 7. Bd3 Nc6 8.
Nc2 Bxc3+ 9. bxc3 d6 10. O-O O-O 11. Ba3 Re8 12. f4 Qc7 13. Kh1 b6 14. Bxd6
Qxd6 15. e5 Qd8 16. exf6 Qxf6 17. Be4 Bb7 18. Qf3 e5 19. Nb4 Rac8 20. Nd5
Qd8 21. Rad1 exf4 22. Qxf4 Ne5 23. Qg3 Bxd5 24. Bxd5 Qc7 25. Rde1 Re7 26.
Re4 Rf8 27. Rfe1 Rfe8 28. h3 Qd6 29. Qf4 h6 30. Rf1 Kh8 31. Rd4 Qa3 32. Qd2
Qc5 33. Rdf4 Kg8 34. Qd4 Qc7 35. Rf5 Kh8 36. Qf4 Qd7 37. Qd4 Qc7 38. a4 a5
39. Qf4 Qd7 40. Qd4 Qc7 41. Rb1 Qd7 42. Rff1 Qxa4 43. Rxb6 Rd8 44. Qh4 Red7
45. Rxh6+ gxh6 46. Qxh6+ Kg8 47. Qg5+ Kf8 48. Qxe5 Qc2 49. Qh8+ Ke7 50.
Re1+ Kd6 51. Qe5+ 1-0

[Event "36th Olympiad w"]
[Site "Calvia ESP"]
[Date "2004.10.24"]
[Round "9"]
[White "Srebrnic,A"]
[Black "Partac,E"]
[Result "1-0"]
[WhiteElo "2245"]
[BlackElo "2259"]
[EventDate "2004.10.15"]

1. Nf3 Nf6 2. c4 e6 3. Nc3 b6 4. g3 Bb7 5. Bg2 c5 6. O-O Be7 7. b3 O-O 8.
Bb2 d6 9. e3 Nbd7 10. Qe2 Rc8 11. Ne1 Bxg2 12. Nxg2 Qc7 13. f4 d5 14. d3 a6
15. g4 dxc4 16. bxc4 Nb8 17. g5 Ne8 18. Ne4 Nc6 19. Qg4 Qd8 20. Rad1 Rc7
21. Rf3 Rd7 22. Ne1 Nb4 23. Rh3 Nxd3 24. Qh5 h6 25. Rxd3 Rxd3 26. gxh6 Rd1
27. hxg7 Rxe1+ 28. Kf2 Rf1+ 29. Kg2 f6 30. Qh7+ 1-0

[Event "36th Olympiad w"]
[Site "Calvia ESP"]
[Date "2004.10.24"]
[Round "9"]
[White "Smokina,K"]
[Black "Kaps,D"]
[Result "1-0"]
[WhiteElo "2267"]
[BlackElo "2236"]
[EventDate "2004.10.15"]

1. c4 Nf6 2. Nc3 g6 3. g3 Bg7 4. Bg2 O-O 5. e4 d6 6. d4 Nc6 7. Nge2 e5 8.
d5 Nd4 9. O-O c5 10. dxc6 Nxe2+ 11. Qxe2 bxc6 12. b3 Ba6 13. Rd1 Qa5 14.
Qd2 Rfd8 15. Nd5 Qxd2 16. Nxf6+ Bxf6 17. Bxd2 Be7 18. Ba5 Rd7 19. c5 Rc8
20. Rac1 Be2 21. Rd2 Bg5 22. f4 exf4 23. h4 Bh6 24. Rxe2 f3 25. Bd2 fxe2
26. Bxh6 dxc5 27. Kf2 Re8 28. Kxe2 f5 29. Rxc5 fxe4 30. Rxc6 Kf7 31. Be3 h5
32. Rc4 Rde7 33. Bg5 Re5 34. Rc7+ Kg8 35. Ke3 Ra5 36. a4 Rf5 37. Rc4 Rf3+
1-0

[Event "36th Olympiad w"]
[Site "Calvia ESP"]
[Date "2004.10.24"]
[Round "9"]
[White "Velikhanli,F"]
[Black "Bosboom Lanchava,T"]
[Result "0-1"]
[WhiteElo "2322"]
[BlackElo "2352"]
[EventDate "2004.10.15"]

1. e4 d6 2. d4 g6 3. Nc3 Bg7 4. f4 Nf6 5. Nf3 c5 6. d5 O-O 7. a4 e6 8. Be2
exd5 9. exd5 Re8 10. O-O Na6 11. Bb5 Re7 12. Bxa6 bxa6 13. h3 Rb8 14. Qd3
Bf5 15. Qd2 Rb4 16. Nh4 Rd4 17. Nxf5 gxf5 18. Qf2 Nxd5 19. Nxd5 Rxd5 20.
Kh2 Qe8 21. Ra3 Re6 22. Rb3 Qxa4 23. Rb8+ Re8 24. Rxe8+ Qxe8 25. Re1 Qd8
26. Qf3 Rd4 27. Qc6 Re4 28. Rxe4 fxe4 29. Qxe4 d5 30. Qf5 c4 31. Qg4 Qd6
32. Qc8+ Bf8 33. c3 Qe6 34. Qxe6 fxe6 35. Be3 a5 36. Bxa7 a4 37. Be3 Bg7
38. Kg3 h5 39. Kf3 h4 40. Ke2 Kf7 41. Bc5 Bf6 42. Ke3 Kg6 43. Kf3 Kf5 44.
Ke3 Bd8 45. Kf3 Bc7 46. Be3 Bd6 47. Bc1 Bc5 48. Bd2 d4 49. cxd4 Bxd4 50.
Bc1 Bf6 51. g4+ hxg3 52. Kxg3 Ke4 53. h4 Kd3 54. h5 Kc2 55. Be3 Kxb2 56.
Bc5 c3 57. f5 c2 58. Be3 exf5 59. Kf4 c1=Q 60. Bxc1+ Kxc1 61. Kxf5 Bb2 0-1

[Event "36th Olympiad w"]
[Site "Calvia ESP"]
[Date "2004.10.24"]
[Round "9"]
[White "Schuurman,P"]
[Black "Shukurova,M"]
[Result "0-1"]
[WhiteElo "2333"]
[BlackElo "2281"]
[EventDate "2004.10.15"]

1. Nf3 Nf6 2. c4 g6 3. Nc3 Bg7 4. e4 d6 5. d4 O-O 6. Be2 e5 7. Be3 Ng4 8.
Bg5 f6 9. Bh4 exd4 10. Nxd4 Ne5 11. O-O Nbc6 12. Nxc6 Nxc6 13. Qd2 Be6 14.
Rad1 Qe8 15. f4 f5 16. exf5 Bxf5 17. Bf3 Qd7 18. c5 Bd4+ 19. Bf2 dxc5 20.
Bxd4 Qxd4+ 21. Qxd4 Nxd4 22. Bxb7 Rab8 23. Bd5+ Kg7 24. Rd2 Rbd8 25. Rff2
Rfe8 26. h3 c6 27. Bc4 h5 28. Na4 Re1+ 29. Kh2 Rc1 30. b3 Be6 31. Bxe6 Nxe6
32. Rxd8 Nxd8 33. Re2 Kf6 34. g4 h4 35. Rf2 c4 36. Nc5 c3 37. Ne4+ Ke6 38.
f5+ gxf5 39. gxf5+ Ke5 40. Ng5 c2 41. f6 Rh1+ 0-1

[Event "36th Olympiad w"]
[Site "Calvia ESP"]
[Date "2004.10.24"]
[Round "9"]
[White "Lujan,C"]
[Black "Arribas,M"]
[Result "1/2-1/2"]
[WhiteElo "2325"]
[BlackElo "2325"]
[EventDate "2004.10.15"]

1. e4 e6 2. d4 d5 3. Nd2 Nf6 4. e5 Nfd7 5. f4 c5 6. Ngf3 cxd4 7. Nb3 Nc6 8.
Nbxd4 Nc5 9. Be3 Bd7 10. Be2 Nxd4 11. Bxd4 Ne4 12. O-O Bc5 13. c4 dxc4 14.
Bxc5 Nxc5 15. Bxc4 Qb6 16. Qd4 Bc6 17. Kh1 Rd8 18. Qf2 Ne4 19. Qxb6 axb6
20. Kg1 Nd2 21. Nxd2 Rxd2 22. Rf2 Rd4 23. Bb3 Ke7 1/2-1/2

[Event "36th Olympiad w"]
[Site "Calvia ESP"]
[Date "2004.10.24"]
[Round "9"]
[White "Pina,S"]
[Black "Burijovich,L"]
[Result "1-0"]
[WhiteElo "2313"]
[BlackElo "2212"]
[EventDate "2004.10.15"]

1. e4 c5 2. c3 d5 3. exd5 Qxd5 4. d4 Nc6 5. dxc5 Qxc5 6. Be3 Qa5 7. Na3 Bf5
8. Qb3 O-O-O 9. Nc4 Qc7 10. Nf3 e5 11. Be2 Nf6 12. Qa4 Kb8 13. Nfxe5 Nd5
14. Nxc6+ bxc6 15. O-O Nxe3 16. Nxe3 Be6 17. Bf3 Rc8 18. b4 f5 19. b5 Bd7
20. bxc6 Bxc6 21. Rab1+ Ka8 22. Nd5 Qb7 23. Rxb7 Bxa4 24. Rfb1 Bd6 25. Nc7+
1-0

[Event "36th Olympiad w"]
[Site "Calvia ESP"]
[Date "2004.10.24"]
[Round "9"]
[White "Malajovich,S"]
[Black "Ramon,V"]
[Result "0-1"]
[WhiteElo "2118"]
[BlackElo "2251"]
[EventDate "2004.10.15"]

1. d4 Nf6 2. c4 g6 3. Nc3 d5 4. Bg5 Ne4 5. Bh4 Nxc3 6. bxc3 Bg7 7. e3 c5 8.
cxd5 cxd4 9. cxd4 Qxd5 10. Nf3 Nc6 11. Qa4 O-O 12. Qb5 Qe4 13. Qb1 Bf5 14.
Qxe4 Bxe4 15. Nd2 Bf5 16. Bb5 e5 17. Bxc6 bxc6 18. dxe5 Bxe5 19. Rc1 Rfc8
20. e4 Be6 21. Rc2 c5 22. Be7 Rc7 23. Bg5 Rb8 24. Ke2 Rb4 25. Bh6 f6 26.
Be3 c4 27. Rhc1 Bb2 28. Rd1 c3 29. Nb3 Rxe4 30. Rd8+ Kf7 31. f3 Bc4+ 32.
Kf2 Re8 33. Rd6 Re6 34. Rd8 Rce7 35. Bc5 Re2+ 36. Rxe2 Rxe2+ 37. Kg3 Bxb3
0-1

[Event "36th Olympiad w"]
[Site "Calvia ESP"]
[Date "2004.10.24"]
[Round "9"]
[White "Foisor,C"]
[Black "Berezina,I"]
[Result "1/2-1/2"]
[WhiteElo "2436"]
[BlackElo "2281"]
[EventDate "2004.10.15"]

1. Nf3 Nf6 2. g3 g6 3. Bg2 Bg7 4. O-O O-O 5. d4 c6 6. c4 d5 7. Nbd2 Ne4 8.
e3 Bf5 9. Qe2 Nxd2 10. Bxd2 Be4 11. Rfc1 Na6 12. c5 Bxf3 13. Qxf3 e5 14.
dxe5 Bxe5 15. Rab1 Qe7 16. b4 Nc7 17. h4 a6 18. h5 Rfe8 19. Rb3 Rad8 20.
Qg4 Bg7 21. a4 Ra8 22. Bf1 Ne6 23. hxg6 hxg6 24. Kg2 Ng5 25. Bd3 f5 26. Qd1
Qe6 27. f4 Ne4 28. Be1 Re7 29. Qc2 Bf6 30. b5 axb5 31. axb5 Kg7 32. Rcb1
Rc8 33. Ra3 Rh8 34. Ra7 Qg8 35. Bxe4 fxe4 36. Kg1 Qb8 37. Ra2 Qc8 38. Bc3
Rh3 39. Be1 d4 40. bxc6 bxc6 41. Qg2 dxe3 42. Rb4 Rh8 43. Rxe4 Rhe8 44.
Raa4 Qf5 45. Rxe7+ Rxe7 46. Qe2 Qxc5 47. Ra8 Qc1 48. Kg2 Rb7 49. Ra2 Qc5
50. Rc2 Qd5+ 51. Qf3 Rb2 52. Rxb2 Bxb2 53. Qxd5 cxd5 54. Kf3 Bd4 55. Ke2
Bb6 56. Kd3 Kf6 57. g4 Ke6 58. Bh4 d4 59. Ke4 Ba7 60. Be1 Bb6 61. Bb4 Ba7
1/2-1/2

[Event "36th Olympiad w"]
[Site "Calvia ESP"]
[Date "2004.10.24"]
[Round "9"]
[White "Caoili,A"]
[Black "Olarasu,G"]
[Result "1/2-1/2"]
[WhiteElo "2250"]
[BlackElo "2325"]
[EventDate "2004.10.15"]

1. d4 e6 2. c4 b6 3. Nf3 Bb7 4. g3 Nf6 5. Bg2 c5 6. O-O cxd4 7. Qxd4 d6 8.
Nc3 a6 9. Rd1 Be7 10. b3 Nbd7 11. Bb2 O-O 12. Nd2 Bxg2 13. Kxg2 Qc7 14.
Nde4 Rfd8 15. Kg1 Bf8 16. Rac1 Rab8 17. Qe3 Nxe4 18. Nxe4 Nc5 19. Ng5 h6
20. Nh3 Qb7 21. Nf4 b5 22. Nh5 e5 23. g4 bxc4 24. Rxc4 Ne6 1/2-1/2

[Event "36th Olympiad w"]
[Site "Calvia ESP"]
[Date "2004.10.24"]
[Round "9"]
[White "Motoc,A"]
[Black "Sorokina,A"]
[Result "1-0"]
[WhiteElo "2359"]
[BlackElo "2199"]
[EventDate "2004.10.15"]

1. b3 e5 2. Bb2 Nc6 3. e3 a6 4. c4 Nf6 5. Nc3 d5 6. cxd5 Nxd5 7. Nxd5 Qxd5
8. Nf3 Be7 9. Bc4 Qd6 10. O-O b5 11. Be2 Bb7 12. Qc2 O-O 13. a4 b4 14. Bd3
g6 15. Be4 f6 16. Rfd1 Na5 17. Bxb7 Nxb7 18. d4 e4 19. Qxe4 Na5 20. Nd2 f5
21. Qc2 c6 22. Nc4 Nxc4 23. Qxc4+ Qd5 24. Rac1 a5 25. Qxc6 Qxb3 26. Qc4+
Qxc4 27. Rxc4 Bf6 28. Kf1 Ra7 29. Ke2 Rd8 30. Rdc1 Rdd7 31. Kd3 Kf7 32. Rc5
Be7 33. Rc8 Ke6 34. f3 Bf6 35. e4 Kf7 36. R1c5 Be7 37. Rb5 fxe4+ 38. fxe4
Bf6 39. e5 Bd8 40. d5 Ke7 41. Bd4 Ra6 42. e6 Rc7 43. Bc5+ Ke8 44. Rxd8+
Kxd8 45. Rb8+ Rc8 46. e7+ Kd7 47. Rxc8 1-0

[Event "36th Olympiad w"]
[Site "Calvia ESP"]
[Date "2004.10.24"]
[Round "9"]
[White "Jackova,J"]
[Black "Dembo,Y"]
[Result "1/2-1/2"]
[WhiteElo "2408"]
[BlackElo "2396"]
[EventDate "2004.10.15"]

1. e4 c5 2. Nf3 Nc6 3. Bb5 g6 4. O-O Bg7 5. Re1 Nf6 6. e5 Nd5 7. Nc3 Nc7 8.
Bxc6 dxc6 9. d3 O-O 10. Be3 b6 11. Qc1 Bg4 12. Nh4 Bxe5 13. Bh6 Bg7 14.
Bxg7 Kxg7 15. Qg5 Be6 16. f4 Qd4+ 17. Kh1 Qf6 18. Qg3 Bf5 19. Rxe7 Ne6 20.
Rf1 Kh8 21. Nxf5 gxf5 1/2-1/2

[Event "36th Olympiad w"]
[Site "Calvia ESP"]
[Date "2004.10.24"]
[Round "9"]
[White "Botsari,A"]
[Black "Cedikova,K"]
[Result "0-1"]
[WhiteElo "2362"]
[BlackElo "2263"]
[EventDate "2004.10.15"]

1. d4 Nf6 2. c4 g6 3. Nc3 Bg7 4. e4 d6 5. f3 O-O 6. Bg5 c5 7. d5 e6 8. Qd2
exd5 9. cxd5 h6 10. Be3 Re8 11. Nge2 Nbd7 12. Nc1 a6 13. a4 h5 14. Be2 Nh7
15. O-O f5 16. Ra3 Ne5 17. h3 Bd7 18. N1a2 Rc8 19. a5 fxe4 20. fxe4 Rf8 21.
Rxf8+ Qxf8 22. Rb3 Rc7 23. Rb6 Bc8 24. Nd1 Qf6 25. Nac3 g5 26. Qe1 g4 27.
h4 Bf8 28. Qf2 Qg7 29. Bf4 Rf7 30. Qe3 Be7 31. g3 Nf8 32. b4 cxb4 33. Rxb4
Nfg6 34. Bh6 Qh7 35. Bf4 Bd8 36. Ra4 Qg7 37. Bh6 Qh7 38. Bf4 Qg7 39. Nf2
Nxf4 40. gxf4 Bxh4 41. Ncd1 Ng6 42. Rc4 Bd7 43. Nd3 Nxf4 44. Nxf4 Bg5 45.
Qb3 Bxf4 46. Qxb7 Bb5 47. Qc8+ Kh7 48. Bd3 Bxc4 49. Qxc4 Be5 50. Ne3 Qg5
51. Nf5 h4 52. Qc2 Qf4 53. Qf2 Rxf5 54. exf5 Bd4 0-1

[Event "36th Olympiad w"]
[Site "Calvia ESP"]
[Date "2004.10.24"]
[Round "9"]
[White "Blazkova,P"]
[Black "Makropoulou,M"]
[Result "1/2-1/2"]
[WhiteElo "2214"]
[BlackElo "2270"]
[EventDate "2004.10.15"]

1. e4 d5 2. exd5 Qxd5 3. Nc3 Qa5 4. d4 c6 5. Bc4 Bf5 6. Qe2 e6 7. Bd2 Bb4
8. O-O-O Nf6 9. a3 Bxc3 10. Bxc3 Qc7 11. d5 cxd5 12. Bxf6 gxf6 13. Rxd5
Qf4+ 14. Qd2 Qxd2+ 15. Rxd2 Nc6 16. Ne2 Rd8 17. Bb5 Rxd2 18. Kxd2 Ke7 19.
Bxc6 bxc6 20. Nd4 Be4 21. f3 Bd5 22. c4 Bxc4 23. Rc1 Bd5 24. Nxc6+ Kd7 25.
Nb4 Rg8 26. g3 Bxf3 27. Rf1 Be4 28. Rxf6 Ke7 29. Rf4 f5 30. Rh4 Rg7 31. Nd3
Kd6 32. Ke3 a5 33. Nf2 Bd5 34. Ra4 Rb7 35. Rxa5 Rxb2 36. Ra6+ Ke7 37. Ra7+
Kf6 38. Rxh7 Rb3+ 39. Kd4 Rxa3 40. Nd3 Ra4+ 41. Ke3 Ra3 42. Kd4 Be4 43. Nc5
e5+ 44. Kc4 Bb1 45. Rb7 Ba2+ 46. Kb4 Re3 47. Ra7 Bd5 48. Rd7 Ba2 49. Ra7
Bd5 50. Rd7 Bg2 51. Rd2 Bf1 52. Rf2 Bh3 53. Kc4 Re1 54. Kd3 Rd1+ 55. Ke3
Ra1 56. Rd2 Re1+ 57. Kf2 Rf1+ 58. Ke2 Rh1 59. Kf3 Re1 60. Kf2 Rf1+ 1/2-1/2

[Event "36th Olympiad w"]
[Site "Calvia ESP"]
[Date "2004.10.24"]
[Round "9"]
[White "Lagvilava,G"]
[Black "Bashkite,V"]
[Result "1-0"]
[WhiteElo "2299"]
[BlackElo "2206"]
[EventDate "2004.10.15"]

1. e4 e6 2. d4 d5 3. e5 c5 4. c3 Nc6 5. Nf3 Qb6 6. Be2 cxd4 7. cxd4 Nge7 8.
Nc3 Nf5 9. Na4 Qa5+ 10. Kf1 Bd7 11. Bd2 Qd8 12. Bg5 Qa5 13. Bd2 Qd8 14. Be1
h5 15. h4 g6 16. g3 Bg7 17. Nc5 b6 18. Nxd7 Qxd7 19. Bb5 O-O 20. Kg2 a6 21.
Ba4 b5 22. Bc2 f6 23. Bxf5 exf5 24. exf6 Bxf6 25. Bd2 Rfe8 26. Be3 Rac8 27.
Qd2 Qd8 28. Rac1 Qb6 29. Rc2 Na5 30. b3 Rxc2 31. Qxc2 Nc6 32. Rc1 Rc8 33.
Qc5 Qd8 34. Bg5 Bxg5 35. Nxg5 Ne7 36. Qxe7 Qxe7 37. Rxc8+ 1-0

[Event "36th Olympiad w"]
[Site "Calvia ESP"]
[Date "2004.10.24"]
[Round "9"]
[White "Piarnpuu,L"]
[Black "Sharevich,A"]
[Result "1/2-1/2"]
[WhiteElo "2227"]
[BlackElo "2266"]
[EventDate "2004.10.15"]

1. d4 d5 2. Nf3 Nf6 3. c4 e6 4. Nc3 Be7 5. Bg5 h6 6. Bh4 b6 7. e3 O-O 8.
Rc1 Bb7 9. Be2 Nbd7 10. cxd5 exd5 11. O-O c5 12. Qa4 a6 13. dxc5 bxc5 14.
Rfd1 Qb6 15. Qb3 Qa7 16. Bg3 Rac8 17. Ne5 c4 18. Qc2 Nc5 19. Bf3 Rcd8 20.
Ne2 Nfe4 21. Nd4 Qb6 22. Be2 Nxg3 23. hxg3 Bf6 24. Nef3 Ne4 25. Nd2 Nd6 26.
N2f3 Ne4 27. Nd2 Bxd4 28. exd4 Rfe8 29. Bf3 Ng5 30. b3 Ne6 31. bxc4 Nxd4
32. Qb1 Qa7 33. c5 Rc8 34. Nb3 Nxf3+ 35. gxf3 Ba8 36. Qd3 a5 37. Qd4 a4 38.
Nd2 Re7 39. Nf1 Rec7 40. Ne3 Rxc5 41. Nf5 f6 42. Rxc5 Qxc5 1/2-1/2

[Event "36th Olympiad w"]
[Site "Calvia ESP"]
[Date "2004.10.24"]
[Round "9"]
[White "Popova,N"]
[Black "Laesson,T"]
[Result "1-0"]
[WhiteElo "2246"]
[BlackElo "2254"]
[EventDate "2004.10.15"]

1. e4 d5 2. exd5 Nf6 3. d4 Nxd5 4. Nf3 g6 5. g3 Bg7 6. Bg2 O-O 7. O-O Nc6
8. c3 a5 9. a4 h6 10. Na3 Nb6 11. Re1 Bg4 12. h3 Be6 13. Nb5 Na7 14. Nxa7
Rxa7 15. Bf4 Nd5 16. Bd2 Nf6 17. Qc1 Kh7 18. c4 c6 19. Bf4 b5 20. Rxe6 fxe6
21. Ne5 bxc4 22. Nxc6 Qb6 23. Nxa7 Qxa7 24. Be5 Rc8 25. Qd2 Qb6 26. Rc1 Nd5
27. Bxg7 Kxg7 28. Qe2 Qd6 29. Rxc4 Rxc4 30. Qxc4 Nb6 31. Qb5 Qxd4 32. b3
Nd5 33. Qxa5 Qd1+ 34. Bf1 Qxb3 35. Qb5 Qxb5 36. Bxb5 Nc7 37. Bd3 Kf6 38. a5
g5 39. a6 Ke5 40. a7 Kd4 41. Ba6 Ke5 42. Bb7 1-0

[Event "36th Olympiad w"]
[Site "Calvia ESP"]
[Date "2004.10.24"]
[Round "9"]
[White "Lindiawati,E"]
[Black "Siti,Z"]
[Result "0-1"]
[WhiteElo "2125"]
[BlackElo "2162"]
[EventDate "2004.10.15"]

1. e4 c5 2. Nf3 Nc6 3. d4 cxd4 4. Nxd4 g6 5. Nxc6 bxc6 6. Bc4 Bg7 7. O-O d6
8. c3 Nf6 9. Re1 O-O 10. Nd2 a5 11. Bd3 Bb7 12. Nf1 a4 13. h3 Nd7 14. Qc2
Qa5 15. Bd2 Rfb8 16. Ng3 Ne5 17. Bf1 Ba6 18. b4 Qb6 19. Be3 Qb7 20. a3 Bxf1
21. Nxf1 Nc4 22. Bf4 e5 23. Bc1 d5 24. Ne3 Qb5 25. Qe2 Nxe3 26. Qxe3 Qc4
27. Bb2 Rd8 28. exd5 cxd5 29. Qe2 Qb3 30. Rac1 Rac8 31. Red1 e4 32. Qc2
Qxc2 33. Rxc2 d4 34. Rcc1 d3 35. Kf1 f5 36. g3 Rc4 37. h4 Kf7 38. Ke1 Ke6
39. Rb1 Bxc3+ 40. Bxc3 Rxc3 41. b5 Rxa3 42. b6 Rc3 43. b7 Rb8 44. Rb6+ Kd7
45. Rdb1 Rc6 46. R6b4 Kc7 47. Rxa4 Rxb7 48. Rba1 Rc2 49. Ra7 Rcb2 50. Rc1+
Kd7 51. Rxb7+ Rxb7 52. Ra1 Kd6 53. Ra2 Rb1+ 54. Kd2 Rf1 55. Ke3 Re1+ 56.
Kd4 Re2 0-1

[Event "36th Olympiad w"]
[Site "Calvia ESP"]
[Date "2004.10.24"]
[Round "9"]
[White "Pretorius,M"]
[Black "Le Kieu Thien Kim"]
[Result "1/2-1/2"]
[WhiteElo "1965"]
[BlackElo "2329"]
[EventDate "2004.10.15"]

1. e4 d5 2. exd5 Nf6 3. Bb5+ Bd7 4. Bxd7+ Qxd7 5. c4 c6 6. d6 Qxd6 7. Nf3
Nbd7 8. Qe2 e6 9. Nc3 Be7 10. d4 h6 11. Bd2 a6 12. Rd1 O-O 13. O-O b5 14.
c5 Qc7 15. Rfe1 Rfd8 16. Bc1 Re8 17. Qc2 Rad8 18. a3 a5 19. Ne2 e5 20. b4
axb4 21. axb4 Nd5 22. Qb3 e4 23. Nd2 e3 24. Nf3 exf2+ 25. Kxf2 Ra8 26. Ng3
Ra4 27. Bd2 Rea8 28. Nf5 Bf8 29. Kg1 Qc8 30. Qb1 Nb8 31. Ne5 Ra1 32. Qe4
Rxd1 33. Rxd1 Qe6 34. Qg4 Kh7 35. Rf1 Ra7 36. Nh4 Qxg4 37. Nxg4 f6 38. h3
1/2-1/2

[Event "36th Olympiad w"]
[Site "Calvia ESP"]
[Date "2004.10.24"]
[Round "9"]
[White "Ellappen,J"]
[Black "Hoang Xuan Thanh Khiet"]
[Result "1-0"]
[WhiteElo "2031"]
[BlackElo "2144"]
[EventDate "2004.10.15"]

1. e4 c5 2. Nf3 d6 3. c3 Nf6 4. Be2 e6 5. O-O Be7 6. Re1 Nc6 7. Bf1 O-O 8.
d4 cxd4 9. cxd4 d5 10. e5 Nd7 11. Nc3 a6 12. Be3 b5 13. Rc1 Bb7 14. Bd3 Nb6
15. b3 Ba3 16. Bxh7+ Kh8 17. Ng5 g6 18. Qg4 Qe7 19. Qh3 Kg7 20. Nf3 f6 21.
Qh6+ Kh8 22. Bxg6+ Kg8 23. exf6 Rxf6 24. Rc2 Qg7 25. Qxg7+ Kxg7 26. Bh5 Bb4
27. Bg5 Rff8 28. Rxe6 Rf5 29. Ne2 Rh8 30. Ng3 Rff8 31. Rg6+ Kh7 32. Bf6
Rhg8 33. Ng5+ 1-0

[Event "36th Olympiad w"]
[Site "Calvia ESP"]
[Date "2004.10.24"]
[Round "9"]
[White "Mouradian,K"]
[Black "Ortiz,Na"]
[Result "0-1"]
[WhiteElo "2119"]
[BlackElo "2148"]
[EventDate "2004.10.15"]

1. e4 e5 2. Bc4 Bc5 3. Nf3 Nc6 4. d3 a6 5. c3 Nf6 6. O-O Ba7 7. Bb3 d6 8.
Nbd2 O-O 9. Re1 h6 10. Nf1 Nh5 11. h3 Qf6 12. Ne3 Nf4 13. Ng4 Bxg4 14. hxg4
g5 15. Be3 Ne6 16. Bxa7 Rxa7 17. g3 Kg7 18. a3 Rh8 19. Kg2 Raa8 20. Rh1 Rh7
21. Qe2 Rah8 22. Rh5 Kf8 23. Rah1 Qg6 24. Bxe6 fxe6 25. Qe3 Ke8 26. b4 b6
27. a4 a5 28. b5 Nb8 29. Nd2 Nd7 30. f3 Nf6 31. R5h2 h5 32. gxh5 Nxh5 33.
Qe2 Qf7 34. Qe3 Rg8 35. Qe2 Nxg3 36. Kxg3 g4 37. Rxh7 gxf3+ 38. Kf2 Rg2+
39. Kf1 fxe2+ 40. Kxg2 Qxh7 41. Re1 Qh5 42. Nf3 Qh6 43. Kf2 Kd7 44. Kxe2 c6
45. c4 Qh8 46. Rc1 Qc8 47. Kd2 Qf8 48. Rf1 Qf4+ 49. Ke2 cxb5 50. cxb5 d5
51. Nd2 Qg4+ 52. Rf3 Kd6 53. Nb3 dxe4 0-1

[Event "36th Olympiad w"]
[Site "Calvia ESP"]
[Date "2004.10.24"]
[Round "9"]
[White "Palao,M"]
[Black "Nekrasova,E"]
[Result "1-0"]
[WhiteElo "2128"]
[BlackElo "2107"]
[EventDate "2004.10.15"]

1. d4 Nf6 2. c4 g6 3. Nc3 Bg7 4. e4 d6 5. f4 O-O 6. Nf3 c5 7. d5 b5 8. e5
dxe5 9. fxe5 Ng4 10. Bf4 Nd7 11. cxb5 Ndxe5 12. Be2 Qb6 13. Nxe5 Nxe5 14.
O-O c4+ 15. Kh1 Bf5 16. Qd2 Rfd8 17. Bxe5 Bxe5 18. Bxc4 Rac8 19. Bb3 e6 20.
Qg5 f6 21. Qh4 Bxc3 22. bxc3 exd5 23. Rad1 Qxb5 24. Qxf6 Rf8 25. Bxd5+ Qxd5
26. Qxf8+ Kxf8 27. Rxd5 Ke7 28. Ra5 Rxc3 29. Rxa7+ Kd6 30. Rd1+ Kc6 31.
Rxh7 Rc2 32. Ra7 Be4 33. Rg1 Rc3 34. Ra4 Bd5 35. Ra6+ Kc5 36. Rxg6 Bxa2 37.
h4 Bd5 38. Kh2 1-0

[Event "36th Olympiad w"]
[Site "Calvia ESP"]
[Date "2004.10.24"]
[Round "9"]
[White "Mouradian,S"]
[Black "Chirivi,Y"]
[Result "0-1"]
[WhiteElo "2007"]
[BlackElo "2070"]
[EventDate "2004.10.15"]

1. e4 c5 2. c3 e6 3. d4 cxd4 4. cxd4 d5 5. e5 Nc6 6. Nf3 b6 7. Nc3 Bb7 8.
Bg5 Qd7 9. Rc1 h6 10. Bh4 Rc8 11. h3 a6 12. Be2 b5 13. O-O g5 14. Bg3 Nge7
15. Nh2 Nf5 16. Nf3 Be7 17. Bh2 h5 18. g4 hxg4 19. hxg4 Nh4 20. Nxh4 Rxh4
21. Bg3 Rh8 22. Qd2 Qd8 23. Kg2 Qb6 24. Rcd1 Kd7 25. f3 Rcg8 26. Bf2 Bd8
27. Rh1 Rxh1 28. Rxh1 Rg7 29. a3 Qa7 30. Bd3 Bb6 31. Ne2 Nxe5 32. Ng3 Nxd3
33. Qxd3 Qb8 34. Be3 Qf8 35. Rh7 Bd8 36. Nh5 Rg8 37. Ng3 Ke8 38. Bd2 Rh8
39. Rh5 Qg7 40. Be3 Rxh5 41. Nxh5 Qg6 42. Qb3 f5 43. Qd3 Kf7 44. Bd2 fxg4
45. Qxg6+ Kxg6 46. fxg4 Bb6 47. Bc3 e5 48. Kf3 Bxd4 49. Bxd4 exd4 50. Ke2
Bc8 51. Kd3 Bxg4 52. Ng3 Bf3 53. Kxd4 g4 54. Nf1 Kg5 55. Ne3 Kh4 56. Nc2
Be4 0-1

[Event "36th Olympiad w"]
[Site "Calvia ESP"]
[Date "2004.10.24"]
[Round "9"]
[White "Mendoza,B"]
[Black "Khamrakulova,I"]
[Result "1/2-1/2"]
[WhiteElo "2131"]
[BlackElo "2217"]
[EventDate "2004.10.15"]

1. e4 c5 2. Nc3 Nc6 3. g3 g6 4. Bg2 Bg7 5. d3 e6 6. f4 Nge7 7. Nh3 O-O 8.
O-O d6 9. Be3 Rb8 10. Rb1 b5 11. g4 f5 12. gxf5 exf5 13. e5 Nd4 14. b4 dxe5
15. bxc5 Bb7 16. Qd2 Bxg2 17. Qxg2 b4 18. Nd1 Rb5 19. Rf2 Nd5 20. Bxd4 exd4
21. Ng5 Re8 22. Re2 Nxf4 23. Rxe8+ Qxe8 24. Qf2 Ne6 25. Nb2 1/2-1/2

[Event "36th Olympiad w"]
[Site "Calvia ESP"]
[Date "2004.10.24"]
[Round "9"]
[White "Coimbra,M"]
[Black "Gretarsdottir,L"]
[Result "0-1"]
[WhiteElo "2079"]
[BlackElo "2057"]
[EventDate "2004.10.15"]

1. e4 c5 2. Nc3 d6 3. g3 Nc6 4. Bg2 g6 5. d3 Bg7 6. Be3 Rb8 7. Qd2 b5 8.
Nge2 b4 9. Nd1 Nd4 10. O-O Nxe2+ 11. Qxe2 Nf6 12. h3 a5 13. Qd2 O-O 14. Bh6
d5 15. Bxg7 Kxg7 16. e5 Nd7 17. f4 d4 18. Nf2 Nb6 19. Rae1 Nd5 20. Nd1 a4
21. g4 e6 22. Be4 b3 23. axb3 axb3 24. c4 Nb4 25. f5 exf5 26. gxf5 gxf5 27.
Bxf5 Bxf5 28. Rxf5 Rb6 29. Kh2 Rg6 30. Rg1 Qh4 31. Rfg5 Rxg5 32. Rxg5+ Kh8
33. Rg4 Qe7 34. Qe2 Re8 35. Re4 Nc6 36. Nf2 Nxe5 37. Ng4 Nxg4+ 38. hxg4
Qh4+ 39. Kg2 Rg8 40. Re8 Qg5 41. Rxg8+ Kxg8 42. Qd1 h5 43. Qxb3 Qxg4+ 44.
Kh2 Qf4+ 45. Kg2 h4 46. Qb7 Qg3+ 47. Kh1 h3 48. Qe4 Kg7 49. Qc6 Qxd3 50.
Kh2 Qxc4 51. Qf3 Qe6 52. Qg3+ Kh7 53. Qh4+ Kg7 54. Qg5+ Qg6 55. Qe5+ Kh7
0-1